000 00770nam0a22002291 4500
001 RU\INFOCOMM_322\NLR\5000270467
005 20250614080742.0
035 _a(NLR Aleph) 010613326
090 _a10578639
_c10578639
100 _a20130326d1903 |||y0rusy50 ca
101 0 _aeng
102 _aRU
105 _ay z||||
200 1 _aReport of the assistant minister acting as minister of finance to H. M. the emperor on the budget of the empire for 1904
_eBudget of the empire for 1904
210 _aSt. Petersburg
_cPrint.-off. of the Imperial academy of science
_d1903
215 _a41 с.
_d30 см
620 _aСанкт-Петербург
801 1 _aRU
_bInfocomm
_c20130326
801 0 _aRU
_bINFOCOMM
_gPSBO
852 _aNLR
_jС-6/33
942 _cBOOK
980 _aNB